Movies Quiz

Random Movies or Song Quiz

That Song in the Movie Quiz Stats

 Plays Quiz Updated Sep 13, 2017

Score 0/20 Timer 07:00
1 Play Today
% Correct
Diamonds Are A Girl's Best Friend
Gentlemen Prefer Blondes
90.4%
Summer Nights
Grease
90.1%
Be Our Guest
Beauty and the Beast
88%
Bohemian Rhapsody
Wayne's World
87.9%
Johnny B. Goode
Back to the Future
85.2%
Old Time Rock And Roll
Risky Business
77.4%
Jai Ho
Slumdog Millionaire
70.2%
Always Look On The Bright Side Of Life
Life of Brian
70%
Make 'Em Laugh
Singin' in the Rain
68.2%
As Time Goes By
Casablanca
67.9%
% Correct
In Your Eyes
Say Anything...
67.6%
Moon River
Breakfast at Tiffany's
64.3%
You Never Can Tell
Pulp Fiction
61.2%
The Sound Of Silence
The Graduate
60.1%
Tiny Dancer
Almost Famous
60.1%
I Got You Babe
Groundhog Day
54.4%
Tequila
Pee-wee's Big Adventure
54.2%
Layla
Goodfellas
47.2%
The Times They Are A-Changin'
Watchmen
45.4%
Blue Moon
An American Werewolf in London
41.5%

You're not logged in!

Compare scores with friends on all Sporcle quizzes.
Join for Free
OR
Log In

You Might Also Like...

Show Comments

Extras

Top Quizzes Today


Score Distribution

Your Account Isn't Verified!

In order to create a playlist on Sporcle, you need to verify the email address you used during registration. Go to your Sporcle Settings to finish the process.

Report this User

Report this user for behavior that violates our Community Guidelines.

Details: